1538 1797 1447 1755 1125 1293 1536 1979 1950 1369 1666 1522 1020 1198 1405 1229 1521 1681 1209 1643 1661 1841 1090 1987 1029 1446 1614 1419 1206 1556 1058 1555 1811 1547 1672 1356 1127 1530 1014 1258 1873 1740 1672 1121 1777 1490 1462 1413 1280 1293 1150 1285 1845 1495 1332 1905 1456 1692 1803 1005 1491 1413 1540 1227 1787 1773 1169 1214 1875 1875 1461 1411 1423 1044 1917 1805 1545 1362 1044 1905 1109 1768 1737 1293 1691 1818 1947 1068 1332 1595 1162 1658 1618 1793 1609 1494 1375 1997 1243 BCNSPRNW ULIB Ver.6.0+V

เปลี่ยนเป็นภาษาไทย

Change to English
 แสดงรายละเอียดบรรณานุกรม
  กลับหน้าหลัก

Brief Record : Get Marc (ISO 2709) : E-mail record : QR code < ปิดหน้าต่าง
LEADER : 00000nam 2200000uu 4500
001    13399108244
003     ULIB
008    110223s2553||||th 000 0 tha d
020    9786165070300
050  4 TX652^bก152ก 2553
100 0  กรณ์กาญจน์ ภมรประวัติ
245 00 กินตามสี /^cกรณ์กาญจน์ ภมรประวัติ
260    กรุงเทพฯ : ^bหมอชาวบ้าน,^c2553
300    156 หน้า:^bภาพประกอบสี
650  7 ผัก
650  7 ผลไม้
650  7 อาหารสุขภาพ
945    ^p250^l0^i029766
945    ^p250^l0^i029765
995    เกษร
999 ^a ใช้งานได้ทุกระบบ
รายการนี้ยังไม่มีแท็ก
คุณยังไม่ได้ล็อกอิน คุณสามารถมีกิจกรรมร่วมกับเว็บไซต์ได้ แต่ต้องล็อกอินก่อน ::
  ล็อกอิน

รายการสื่อสารสนเทศ

ลำดับที่ ประเภท เลขเรียก/บาร์โค้ด สถานที่ สถานะ
- ไม่พบข้อมูล -

รายการใกล้เคียง
    ผู้แต่ง [กรณ์กาญจน์ ภมรประวัติ]

    หัวเรื่อง [ผัก]
    หัวเรื่อง [ผลไม้]
    หัวเรื่อง [อาหารสุขภาพ]

BibComment


ยังไม่เคยถูกคอมเมนท์

คอมเมนท์ทรัพยากรรายการนี้
  คอมเมนท์: กินตามสี กรณ์กาญ..


 Copyright 2026. Bcnsprnw @Library